Астрономические инструменты в обсерватории Улугбека; Природа; № 2

Dades bibliogràfiques
Parent link:Природа: естественно-научный журнал/ Российская Академия наук.— , 1912-.— 0032-874X
№ 2.— 2002.— с. 91-96
Autor principal: Турсунов О. С.
Idioma:rus
Publicat: 2002
Col·lecció:Встречи с забытым
Matèries:
Format: MixedMaterials Capítol de llibre
KOHA link:https://koha.lib.tpu.ru/cgi-bin/koha/opac-detail.pl?biblionumber=382551

MARC

LEADER 00000naa2a2200000 4500
001 382551
005 20231101063006.0
035 |a (RuTPU)RU\TPU\prd\6647 
090 |a 382551 
100 |a 20020919a2002 k y0rusy50 ca 
101 0 |a rus 
102 |a RU 
200 1 |a Астрономические инструменты в обсерватории Улугбека  |f О. С. Турсунов 
225 1 |a Встречи с забытым 
320 |a Библиогр.: 10 назв. 
461 1 |0 (RuTPU)RU\TPU\prd\304  |x 0032-874X  |t Природа  |o естественно-научный журнал  |f Российская Академия наук  |d 1912- 
463 1 |0 (RuTPU)RU\TPU\prd\72950  |t № 2  |v с. 91-96  |d 2002 
610 1 |a астрономия 
610 1 |a обсерватория Улугбека 
610 1 |a астрономические приборы 
610 1 |a астролябия 
610 1 |a звёздный глобус 
610 1 |a солнечные часы 
610 1 |a квадранты 
700 1 |a Турсунов  |b О. С. 
801 1 |a RU  |b 63413507  |c 20020919  |g PSBO 
801 2 |a RU  |b 63413507  |c 20100119  |g PSBO 
942 |c BK